00732nam a2200181Ia 4500008004100000020001500041041001200056082001600068100001700084245003900101260003200140300000800172650001600180942000700196999001500203952016100218952017100379221030s9999 xx 000 0 und d a8174091467 aEnglish a105.23bGre aB. S. Grewal 0aNumerical Methodscby B. S. Grewal bKhanna PubaNew Delhic2002 a687 aBE Computer cBK c7891d7891 pBE 5706g140.00l0o105.23 Grer2024-06-13 00:00:00w2022-10-30yBK003Print4071aMIETLIBbMIETLIBcBL-Second, FL-1, CUP-55, SH-3, R-3d2002-06-2010HBE pBE 5707g140.00l0o105.23 Grer2024-06-13 00:00:00w2022-10-30yBK003Print4070aMIETLIBbMIETLIBcBL-Academic Block A, FL-1, CUP-38, SH-2, R-2d2002-06-2010HBE